50 Most Valuable Ligue 1 Players - Statistics

General Stats
  • This quiz has been taken 186 times
    32 since last reset
  • The average score is 33 of 50
Answer Stats
Rank Value (€) Team Nation Player % Correct
1 €65M PSG France Bradley Barcola
100%
4 €60M PSG Morocco Achraf Hakimi
96%
7 €55M PSG France Ousmane Dembele
96%
6 €55M PSG Portugal Vitinha
96%
9 €45M LOSC Lille Canada Jonathan David
93%
15 €35M PSG Spain Fabian
89%
8 €50M PSG Portugal Goncalo Ramos
89%
13 €40M PSG Brazil Marquinhos
89%
14 €35M Olympique Marseille England Mason Greenwood
89%
5 €55M PSG Portugal Nuno Mendes
89%
2 €60M PSG France Warren Zaire-Emery
89%
16 €35M PSG Italy Gianluigi Donnarumma
85%
21 €30M PSG South Korea Kang-in Lee
85%
25 €30M AS Monaco Russia Aleksandr Golovin
81%
12 €40M PSG Ecuador Willian Pacho
81%
3 €60M PSG Portugal Joao Neves
78%
23 €30M LOSC Lille France Lucas Chevalier
74%
33 €25M RC Lens Argentina Facundo Medina
70%
50 €18M Olympique Lyon Georgia Georges Mikautadze
70%
20 €30M Olympique Lyon France Rayan Cherki
70%
10 €40M PSG France Desire Doue
67%
32 €25M LOSC Lille Kosovo Edon Zhegrova
67%
18 €30M PSG Brazil Lucas Beraldo
67%
38 €22M PSG Russia Matvey Safonov
67%
43 €20M Olympique Marseille Denmark Pierre-Emile Hojbjerg
67%
46 €20M Stade Rennes Algeria Amine Gouiri
63%
35 €25M LOSC Lille England Angel Gomes
63%
17 €32M PSG France Lucas Hernandez
63%
28 €25M Olympique Lyon Belgium Malick Fofana
63%
37 €25M Olympique Marseille France Adrien Rabiot
59%
27 €25M RC Strasbourg Brazil Andrey Santos
59%
49 €18M AS Monaco Brazil Caio Henrique
59%
24 €30M AS Monaco Switzerland Denis Zakaria
59%
31 €25M AS Monaco United States Folarin Balogun
59%
36 €25M RC Lens Austria Kevin Danso
59%
47 €20M Olympique Marseille Argentina Leonardo Balerdi
59%
11 €40M AS Monaco France Maghnes Akliouche
59%
22 €30M PSG France Randal Kolo Muani
59%
44 €20M OGC Nice Poland Marcin Bulka
56%
41 €20M AS Monaco Brazil Vanderson
56%
26 €25M LOSC Lille France Ayyoub Bouaddi
41%
34 €25M LOSC Lille France Bafode Diakite
41%
19 €30M AS Monaco France Eliesse Ben Seghir
41%
42 €20M PSG Spain Marco Asensio
41%
30 €25M AS Monaco Ivory Coast Wilfried Singo
41%
48 €20M Stade Rennes France Arnaud Kalimuendo
37%
29 €25M Olympique Marseille France Elye Wahi
33%
45 €20M OGC Nice Ivory Coast Evann Guessand
26%
40 €20M RC Strasbourg Senegal Habib Diarra
26%
39 €20M AS Monaco Senegal Lamine Camara
22%
No matching quizzes found
Score Distribution
Percent of People with Each Score
Percentile by Number Answered
Your Score History
You have not taken this quiz since the last reset